| 000 | 00435cam a2200193ua 4500 | ||
|---|---|---|---|
| 020 | _cRs. 3.50 | ||
| 041 |
_aeng _h |
||
| 082 |
_a530 _bOUS/TE |
||
| 100 | _aOuseph, C C . | ||
| 245 | _aText book of pre university physics | ||
| 250 |
_a1 / _b. |
||
| 260 |
_a : _bS. Viswanathan , _c1959. |
||
| 300 | _a291 ; . | ||
| 365 | _aRs. 3.50 | ||
| 504 | _a | ||
| 700 | 1 | _aRamanadham, M . | |
| 942 | _cBK | ||
| 999 |
_c187 _d187 |
||